000 00510na a2200205 4500
001 18987
003 MIRAKIL
005 20181213155052.0
008 161206b tu 000 0
040 _aMilas
_btur
_cTR-AnCHP
041 _atur
082 _a330
_bT35 2015
090 _a330 T35 2015
245 _aTEMA Vakfı ekosiyaset bildirgesi
260 _aİstanbul
_c2015
_fAtölye Omsan Matbaa
300 _a59 s.
_c21 sm.
610 _aTEMA Vakfı
650 _aEkonomi
_zTürkiye
942 _2ddc
_cBKS
999 _c5951
_d5951